Intercanvis : tapís, pintura, obra gràfica : Mercè Diogène : Museu Provincial Tèxtil [de] Terrassa : 16 octubre a 2 novembre 1986 tapís, pintura, obra gràfica :
Descripción Física:
[9] p. : il. co. ; 20 x 20 cm
MARC
| LEADER | 00000nam a2200000Ia 4500 | ||
|---|---|---|---|
| 001 | 12775 | ||
| 008 | 160829s9999 xx 000 0 cat d | ||
| 080 | |a FU-3-43 | ||
| 100 | |a Diogène, Mercè |9 35007 | ||
| 245 | |a Intercanvis : |b tapís, pintura, obra gràfica : |b Mercè Diogène : |b Museu Provincial Tèxtil [de] Terrassa : |b 16 octubre a 2 novembre 1986 | ||
| 260 | |a Barcelona : |b Diputació de Barcelona. Servei de Cultura, [1986] | ||
| 300 | |a [9] p. : |b il. co. ; |c 20 x 20 cm | ||
| 650 | |a Tapissos |x Exposicions |9 37474 | ||
| 650 | |a Pintura |x Exposicions |9 31014 | ||
| 650 | |a Diogène, Mercè |x Exposicions |9 35009 | ||
| 710 | 1 | |a Barcelona (Catalunya : Província). |b Servei de Cultura |9 54401 | |
| 710 | 2 | |a Museu Tèxtil de Terrassa |9 54997 | |
| 901 | |a Arxiu | ||
| 942 | |n 1 | ||
| 952 | |0 0 |1 0 |4 0 |6 FU343 |7 1 |9 46729 |a Arxiu |b Arxiu |d 2016-12-01 |l 0 |o FU-3-43 |p 12775 |r 2016-12-01 00:00:00 |w 2016-12-01 |y ARXIU | ||
| 999 | |c 50522 |d 50522 | ||